000 01669nam a22003017a 4500
008 090614t xxu||||| |||| 00| 0 eng d
022 _a02624079
082 _221
_a505
_bNEW
245 _aNew scientist /
260 _aLondon :
_bRead business information,
_cc2008-
300 _av. :
_bill. ;
_c29 cm.
310 _aWeekly
650 0 _aScience
_vPeriodicals.
_96132
650 0 _aTechnology
_vPeriodicals.
_96133
710 _aRead business information
_96134
942 _2ddc
_cJOURNAL
_s1
999 _c11821
_d11821